[Event "25th Klatovy A 2017"]
[Site "Klatovy CZE"]
[Date "2017.07.06"]
[Round "6.3"]
[White "Furman, Boris"]
[Black "Formanek, Martin"]
[Result "1/2-1/2"]
[WhiteElo "2177"]
[BlackElo "2273"]
[PlyCount "38"]
[EventDate "2017.07.01"]
[EventType "swiss"]
[EventRounds "9"]
[EventCountry "CZE"]
[SourceTitle "EXT 2018"]
[Source "ChessBase"]
[SourceDate "2017.10.13"]
[SourceVersion "1"]
[SourceVersionDate "2017.10.13"]
[SourceQuality "1"]

1. d4 Nf6 2. c4 g6 3. Nc3 d6 4. Nf3 Bg7 5. Bg5 O-O 6. e3 c5 7. d5 h6 8. Bh4 g5 9. Bg3 Nh5 10. Nd2 Nxg3 11. hxg3 e6 12. Qc2 exd5 13. Nxd5 Nc6 14. Be2 Be6 15. O-O a6 16. Rad1 Bxd5 17. cxd5 Ne7 18. e4 Ng6 19. Nc4 b5 1/2-1/2

[Event "25th Klatovy A 2017"]
[Site "Klatovy CZE"]
[Date "2017.07.06"]
[Round "6.4"]
[White "Novotny, Michal"]
[Black "Miesbauer, Jan"]
[Result "1-0"]
[WhiteElo "2264"]
[BlackElo "2186"]
[PlyCount "61"]
[EventDate "2017.07.01"]
[EventType "swiss"]
[EventRounds "9"]
[EventCountry "CZE"]
[SourceTitle "EXT 2018"]
[Source "ChessBase"]
[SourceDate "2017.10.13"]
[SourceVersion "1"]
[SourceVersionDate "2017.10.13"]
[SourceQuality "1"]

1. Nf3 Nf6 2. d4 g6 3. Nc3 d5 4. Bf4 Bg7 5. e3 O-O 6. Be2 c5 7. Ne5 Nc6 8. O-O cxd4 9. exd4 Be6 10. Nxc6 bxc6 11. Na4 Nd7 12. Qd2 Bf5 13. g4 e5 14. gxf5 exf4 15. Qxf4 Qf6 16. c3 Rae8 17. Bd3 Qe7 18. b4 Kh8 19. Nc5 Nf6 20. Qh4 gxf5 21. Bxf5 Qe2 22. Qh3 Rg8 23. Kh1 Bh6 24. Rg1 Rg5 25. Rxg5 Bxg5 26. Nd3 h6 27. Rg1 Bd2 28. Ne5 Rf8 29. Qh4 Ng8 30. Qd8 Qxe5 31. Qxf8 1-0

[Event "25th Klatovy A 2017"]
[Site "Klatovy CZE"]
[Date "2017.07.06"]
[Round "6.5"]
[White "Zeman, Matyas"]
[Black "Jurek, Josef"]
[Result "1/2-1/2"]
[WhiteElo "2166"]
[BlackElo "2263"]
[PlyCount "105"]
[EventDate "2017.07.01"]
[EventType "swiss"]
[EventRounds "9"]
[EventCountry "CZE"]
[SourceTitle "EXT 2018"]
[Source "ChessBase"]
[SourceDate "2017.10.13"]
[SourceVersion "1"]
[SourceVersionDate "2017.10.13"]
[SourceQuality "1"]

1. e4 c5 2. Nf3 Nc6 3. d4 cxd4 4. Nxd4 Qc7 5. Nc3 e6 6. Ndb5 Qb8 7. Be2 a6 8. Nd4 Nf6 9. O-O Qc7 10. Nxc6 bxc6 11. f4 d5 12. Bf3 Be7 13. Kh1 O-O 14. a4 a5 15. exd5 exd5 16. Re1 Bd6 17. g3 Bc5 18. Be3 Bxe3 19. Rxe3 Qb6 20. Re5 Qxb2 21. Qe1 Qxc2 22. Rc1 Qb3 23. Qe3 Qb4 24. Rb1 Qd6 25. Rb6 Be6 26. Nb5 Qd7 27. Nd4 c5 28. Nxe6 fxe6 29. Rbxe6 Qxa4 30. Bxd5 Qd1+ 31. Qg1 Qxg1+ 32. Kxg1 Nxd5 33. Rxd5 a4 34. Re2 a3 35. Ra2 c4 36. Rc5 Ra4 37. Rb5 Rc8 38. Rb1 c3 39. Kf2 c2 40. Rc1 Rb4 41. Ke3 Ra4 42. Kd3 Kf7 43. Rcxc2 Rxc2 44. Kxc2 h5 45. Kb3 Ra7 46. Rxa3 Rxa3+ 47. Kxa3 Ke6 48. Kb3 Kf5 49. Kc3 Kg4 50. Kd2 Kh3 51. Ke3 Kxh2 52. Kf3 g6 53. Kf2 1/2-1/2

[Event "25th Klatovy A 2017"]
[Site "Klatovy CZE"]
[Date "2017.07.06"]
[Round "6.6"]
[White "Hurdzan, Tomas"]
[Black "Slovak, Kilian"]
[Result "1/2-1/2"]
[WhiteElo "2164"]
[BlackElo "2254"]
[PlyCount "45"]
[EventDate "2017.07.01"]
[EventType "swiss"]
[EventRounds "9"]
[EventCountry "CZE"]
[SourceTitle "EXT 2018"]
[Source "ChessBase"]
[SourceDate "2017.10.13"]
[SourceVersion "1"]
[SourceVersionDate "2017.10.13"]
[SourceQuality "1"]

1. e4 c5 2. Nf3 Nc6 3. Bb5 g6 4. Bxc6 dxc6 5. d3 Bg7 6. h3 Nf6 7. Nc3 Nd7 8. Be3 e5 9. Qd2 h6 10. O-O Qe7 11. Nh2 Nf8 12. f4 exf4 13. Rxf4 Ne6 14. Rf2 Nd4 15. Raf1 Be6 16. Ng4 O-O-O 17. e5 Nf5 18. Ne4 b6 19. Bf4 Qd7 20. Ne3 Nxe3 21. Nd6+ Kb8 22. Qxe3 Bf8 23. Re1 1/2-1/2

[Event "25th Klatovy A 2017"]
[Site "Klatovy CZE"]
[Date "2017.07.06"]
[Round "6.7"]
[White "Kopta, Pavel"]
[Black "Krutsky, Martin"]
[Result "1/2-1/2"]
[WhiteElo "2238"]
[BlackElo "2045"]
[PlyCount "43"]
[EventDate "2017.07.01"]
[EventType "swiss"]
[EventRounds "9"]
[EventCountry "CZE"]
[SourceTitle "EXT 2018"]
[Source "ChessBase"]
[SourceDate "2017.10.13"]
[SourceVersion "1"]
[SourceVersionDate "2017.10.13"]
[SourceQuality "1"]

1. d4 Nf6 2. c4 g6 3. Nc3 Bg7 4. e4 d6 5. Nf3 O-O 6. Be2 Na6 7. O-O e5 8. Be3 Bg4 9. d5 Nc5 10. Nd2 Bxe2 11. Qxe2 a5 12. f3 Nh5 13. g3 b6 14. Rab1 Qe7 15. Nb3 Nxb3 16. axb3 Rae8 17. Ra1 f5 18. Bd2 Nf6 19. Nb5 Ra8 20. Kg2 Qd7 21. h3 Nh5 22. exf5 1/2-1/2

[Event "25th Klatovy A 2017"]
[Site "Klatovy CZE"]
[Date "2017.07.06"]
[Round "6.9"]
[White "Pick, Stepan"]
[Black "Vorisek, Jaroslav"]
[Result "0-1"]
[WhiteElo "2105"]
[BlackElo "2185"]
[PlyCount "90"]
[EventDate "2017.07.01"]
[EventType "swiss"]
[EventRounds "9"]
[EventCountry "CZE"]
[SourceTitle "EXT 2018"]
[Source "ChessBase"]
[SourceDate "2017.10.13"]
[SourceVersion "1"]
[SourceVersionDate "2017.10.13"]
[SourceQuality "1"]

1. d4 f5 2. g3 Nf6 3. Bg2 d6 4. Nf3 g6 5. O-O Bg7 6. c4 O-O 7. Nc3 Qe8 8. Re1 Qf7 9. b3 Ne4 10. Bb2 c5 11. Rc1 Nc6 12. d5 Nb4 13. Na4 Bxb2 14. Nxb2 Nxa2 15. Ra1 Nb4 16. Nd2 Qf6 17. Na4 Nc3 18. Nxc3 Qxc3 19. Rc1 Qf6 20. f4 Bd7 21. Nb1 g5 22. e3 b5 23. Bf1 a6 24. Nc3 Rab8 25. Qd2 Rf7 26. Red1 h5 27. e4 Rg7 28. Bh3 h4 29. fxg5 Rxg5 30. exf5 Bxf5 31. Bxf5 Qxf5 32. Rf1 Qg6 33. Ne2 hxg3 34. Nxg3 Nd3 35. Ra1 bxc4 36. bxc4 Ne5 37. Rxa6 Nxc4 38. Qc3 Ne5 39. Ra7 Rb1 40. Rxb1 Qxb1+ 41. Kg2 Qe4+ 42. Kf1 Qf4+ 43. Kg2 Ng6 44. Ra8+ Kf7 45. Qd3 Nh4+ 0-1

[Event "25th Klatovy A 2017"]
[Site "Klatovy CZE"]
[Date "2017.07.06"]
[Round "6.10"]
[White "Svanda, Ondrej"]
[Black "Hausner, Ivan"]
[Result "0-1"]
[WhiteElo "2061"]
[BlackElo "2363"]
[PlyCount "62"]
[EventDate "2017.07.01"]
[EventType "swiss"]
[EventRounds "9"]
[EventCountry "CZE"]
[SourceTitle "EXT 2018"]
[Source "ChessBase"]
[SourceDate "2017.10.13"]
[SourceVersion "1"]
[SourceVersionDate "2017.10.13"]
[SourceQuality "1"]

1. e4 e6 2. d4 d5 3. Nc3 Bb4 4. e5 Qd7 5. Bd2 b6 6. f4 Ba6 7. Bxa6 Nxa6 8. Qe2 Nb8 9. Nf3 Ne7 10. O-O h5 11. Nd1 Bxd2 12. Qxd2 Nf5 13. Ne3 Nxe3 14. Qxe3 Nc6 15. c3 Ne7 16. Nh4 g6 17. Qf2 Nf5 18. Nxf5 gxf5 19. Qh4 Qe7 20. Qxe7+ Kxe7 21. Kf2 Rac8 22. Rac1 c5 23. b3 Rhg8 24. Kf3 Rc6 25. Rfd1 Rgc8 26. Ke3 cxd4+ 27. Kxd4 b5 28. a3 a5 29. Re1 a4 30. bxa4 Rc4+ 31. Kd3 bxa4 0-1

[Event "25th Klatovy A 2017"]
[Site "Klatovy CZE"]
[Date "2017.07.06"]
[Round "6.11"]
[White "Weber, Dirk"]
[Black "Mulenko, Alexander"]
[Result "1-0"]
[WhiteElo "2269"]
[BlackElo "2050"]
[PlyCount "55"]
[EventDate "2017.07.01"]
[EventType "swiss"]
[EventRounds "9"]
[EventCountry "CZE"]
[SourceTitle "EXT 2018"]
[Source "ChessBase"]
[SourceDate "2017.10.13"]
[SourceVersion "1"]
[SourceVersionDate "2017.10.13"]
[SourceQuality "1"]

1. e4 c5 2. Nc3 g6 3. g3 Nc6 4. Bg2 Bg7 5. d3 Rb8 6. Be3 d6 7. Qd2 b5 8. f4 b4 9. Nd1 Nd4 10. c3 bxc3 11. bxc3 Nb5 12. a4 Nc7 13. Nf3 Nf6 14. h3 h5 15. O-O Bd7 16. Nh4 Bh6 17. f5 Bxe3+ 18. Qxe3 Rg8 19. fxg6 fxg6 20. Qh6 Kf7 21. d4 e5 22. dxe5 dxe5 23. Ne3 Qf8 24. Qg5 Rb6 25. Nc4 Re6 26. Nxe5+ Ke8 27. Nxd7 Kxd7 28. e5 1-0

[Event "25th Klatovy A 2017"]
[Site "Klatovy CZE"]
[Date "2017.07.06"]
[Round "6.12"]
[White "Toman, Ondrej"]
[Black "Nemec, David"]
[Result "1-0"]
[WhiteElo "2206"]
[BlackElo "2043"]
[PlyCount "61"]
[EventDate "2017.07.01"]
[EventType "swiss"]
[EventRounds "9"]
[EventCountry "CZE"]
[SourceTitle "EXT 2018"]
[Source "ChessBase"]
[SourceDate "2017.10.13"]
[SourceVersion "1"]
[SourceVersionDate "2017.10.13"]
[SourceQuality "1"]

1. d4 Nf6 2. c4 e6 3. Bf4 b6 4. Nf3 Bb7 5. e3 Bb4+ 6. Nfd2 O-O 7. a3 Be7 8. Bd3 d5 9. O-O dxc4 10. Nxc4 c5 11. dxc5 Bxc5 12. Nc3 a6 13. b4 Be7 14. Qe2 Nd5 15. Nxd5 exd5 16. Ne5 Nd7 17. Rac1 Nxe5 18. Bxe5 Bd6 19. Bd4 a5 20. f4 f5 21. Rf3 Rf7 22. Rg3 Bf8 23. Qh5 Qd7 24. Rh3 h6 25. g4 Bc8 26. Bxf5 Rxf5 27. gxf5 Qxf5 28. Rc7 Qb1+ 29. Kf2 Qa2+ 30. Kg3 Bxh3 31. Kxh3 1-0

[Event "25th Klatovy A 2017"]
[Site "Klatovy CZE"]
[Date "2017.07.06"]
[Round "6.14"]
[White "Hajek, Jiri2"]
[Black "Bartos, Jan"]
[Result "1/2-1/2"]
[WhiteElo "2013"]
[BlackElo "2189"]
[PlyCount "57"]
[EventDate "2017.07.01"]
[EventType "swiss"]
[EventRounds "9"]
[EventCountry "CZE"]
[SourceTitle "EXT 2018"]
[Source "ChessBase"]
[SourceDate "2017.10.13"]
[SourceVersion "1"]
[SourceVersionDate "2017.10.13"]
[SourceQuality "1"]

1. e4 e5 2. Nf3 Nc6 3. Nc3 Nf6 4. d4 exd4 5. Nxd4 Bb4 6. Nxc6 bxc6 7. Bd3 O-O 8. O-O d5 9. exd5 cxd5 10. Bg5 c6 11. Qf3 h6 12. Bxf6 Qxf6 13. Qxf6 gxf6 14. Nd1 Re8 15. Ne3 Bd6 16. Rad1 Be5 17. b3 Bc3 18. Nf5 Bxf5 19. Bxf5 Re5 20. Rd3 d4 21. g4 c5 22. Rf3 Kg7 23. Kg2 a5 24. Bd3 Rae8 25. Rf5 Rxf5 26. gxf5 Re1 27. f4 Rxf1 28. Bxf1 Kf8 29. Kf3 1/2-1/2

[Event "25th Klatovy A 2017"]
[Site "Klatovy CZE"]
[Date "2017.07.06"]
[Round "6.15"]
[White "Kozak, Milos"]
[Black "Zak, Pavel"]
[Result "1/2-1/2"]
[WhiteElo "2138"]
[BlackElo "2038"]
[PlyCount "66"]
[EventDate "2017.07.01"]
[EventType "swiss"]
[EventRounds "9"]
[EventCountry "CZE"]
[SourceTitle "EXT 2018"]
[Source "ChessBase"]
[SourceDate "2017.10.13"]
[SourceVersion "1"]
[SourceVersionDate "2017.10.13"]
[SourceQuality "1"]

1. d4 d5 2. c4 c6 3. Nf3 Nf6 4. e3 Bf5 5. Nc3 e6 6. Nh4 Bg4 7. Qb3 Qb6 8. h3 Bh5 9. g4 Bg6 10. g5 Qxb3 11. axb3 Nh5 12. Nxg6 hxg6 13. c5 Nd7 14. b4 Be7 15. Rg1 O-O 16. f4 a6 17. Bd3 Kh8 18. Bd2 Rg8 19. Kf2 Rad8 20. Ne2 Nf8 21. Rg2 f5 22. h4 Nd7 23. Rh1 Rgf8 24. Ng3 Nxg3 25. Kxg3 Kg8 26. Rgh2 Kf7 27. Be2 Rh8 28. h5 Kg8 29. hxg6 Rxh2 30. Kxh2 Nf8 31. Bh5 Rd7 32. Ra1 Rc7 33. Kg3 Bd8 1/2-1/2

[Event "25th Klatovy A 2017"]
[Site "Klatovy CZE"]
[Date "2017.07.06"]
[Round "6.16"]
[White "Chmel, Kristian"]
[Black "Strnad, Jakub"]
[Result "1/2-1/2"]
[WhiteElo "2128"]
[BlackElo "1980"]
[PlyCount "40"]
[EventDate "2017.07.01"]
[EventType "swiss"]
[EventRounds "9"]
[EventCountry "CZE"]
[SourceTitle "EXT 2018"]
[Source "ChessBase"]
[SourceDate "2017.10.13"]
[SourceVersion "1"]
[SourceVersionDate "2017.10.13"]
[SourceQuality "1"]

1. d4 d5 2. Nc3 Nf6 3. Bg5 e6 4. e4 Be7 5. e5 Nfd7 6. h4 h6 7. Bxe7 Qxe7 8. f4 f5 9. exf6 Nxf6 10. Bd3 O-O 11. Qe2 c5 12. dxc5 Qxc5 13. O-O-O Nc6 14. Nh3 e5 15. fxe5 Bg4 16. Qe1 Rae8 17. Qg1 Qxg1 18. Rdxg1 Nxe5 19. Bb5 Rd8 20. Re1 Ng6 1/2-1/2

[Event "25th Klatovy A 2017"]
[Site "Klatovy CZE"]
[Date "2017.07.06"]
[Round "6.17"]
[White "Kotal, Vaclav"]
[Black "Kostelecky, Daniel"]
[Result "1/2-1/2"]
[WhiteElo "2070"]
[BlackElo "1908"]
[PlyCount "82"]
[EventDate "2017.07.01"]
[EventType "swiss"]
[EventRounds "9"]
[EventCountry "CZE"]
[SourceTitle "EXT 2018"]
[Source "ChessBase"]
[SourceDate "2017.10.13"]
[SourceVersion "1"]
[SourceVersionDate "2017.10.13"]
[SourceQuality "1"]

1. e4 e5 2. Nf3 Nc6 3. Bc4 Nf6 4. d3 Bc5 5. O-O O-O 6. Nbd2 d6 7. a4 a6 8. c3 Ne7 9. Re1 Ng6 10. Nf1 c6 11. b4 Bb6 12. a5 Bc7 13. Bb3 h6 14. Ng3 Be6 15. Ra2 Qd7 16. Ba3 Ng4 17. Bc1 Bxb3 18. Qxb3 d5 19. h3 Nf6 20. Be3 Nf4 21. Bxf4 exf4 22. Nf5 Kh7 23. Rae2 Rae8 24. N5d4 Be5 25. Nxe5 Rxe5 26. Nf3 Rfe8 27. Nxe5 Rxe5 28. d4 Rxe4 29. f3 Rxe2 30. Rxe2 Nh5 31. Qc2+ g6 32. Re5 Ng3 33. Qd2 f6 34. Re1 Qd6 35. c4 dxc4 36. Qc3 Qd5 37. Re7+ Kg8 38. Qe1 Nf5 39. Qe4 Nxe7 40. Qxe7 Qxd4+ 41. Kh2 c3 1/2-1/2

[Event "25th Klatovy A 2017"]
[Site "Klatovy CZE"]
[Date "2017.07.06"]
[Round "6.18"]
[White "Ruzickova, Radka"]
[Black "Parizek, Vojtech"]
[Result "0-1"]
[WhiteElo "1836"]
[BlackElo "2065"]
[PlyCount "50"]
[EventDate "2017.07.01"]
[EventType "swiss"]
[EventRounds "9"]
[EventCountry "CZE"]
[SourceTitle "EXT 2018"]
[Source "ChessBase"]
[SourceDate "2017.10.13"]
[SourceVersion "1"]
[SourceVersionDate "2017.10.13"]
[SourceQuality "1"]

1. e4 c5 2. Be2 Nc6 3. d3 g6 4. f4 Bg7 5. Nf3 d6 6. O-O e6 7. Qe1 Nge7 8. c3 O-O 9. Qh4 f5 10. Ng5 h6 11. Nh3 b5 12. g4 b4 13. gxf5 exf5 14. d4 fxe4 15. dxc5 d5 16. Qg3 Qa5 17. Be3 Nf5 18. Qf2 d4 19. Bc4+ Kh7 20. Bc1 bxc3 21. Bd5 Qxc5 22. Bxe4 Ne3 23. Qg3 Bf5 24. b4 Nxf1 25. Kxf1 Qc4+ 0-1

[Event "25th Klatovy A 2017"]
[Site "Klatovy CZE"]
[Date "2017.07.06"]
[Round "6.19"]
[White "Bujnoch, Radek"]
[Black "Zizka, Petr"]
[Result "1/2-1/2"]
[WhiteElo "2261"]
[BlackElo "1966"]
[PlyCount "120"]
[EventDate "2017.07.01"]
[EventType "swiss"]
[EventRounds "9"]
[EventCountry "CZE"]
[SourceTitle "EXT 2018"]
[Source "ChessBase"]
[SourceDate "2017.10.13"]
[SourceVersion "1"]
[SourceVersionDate "2017.10.13"]
[SourceQuality "1"]

1. e4 c5 2. c3 d5 3. exd5 Qxd5 4. d4 Nf6 5. Nf3 Bf5 6. Na3 Nc6 7. Be3 cxd4 8. Nb5 O-O-O 9. Nfxd4 Ng4 10. Qc1 Kb8 11. Nxc6+ bxc6 12. Nd4 g6 13. Be2 e5 14. Nxf5 gxf5 15. Bf3 Qd3 16. Bxg4 fxg4 17. Qd1 f5 18. Qxd3 Rxd3 19. Ke2 Rd6 20. Rad1 f4 21. Bc1 Kc7 22. Rxd6 Bxd6 23. Kd3 Bc5 24. Ke4 Kd6 25. h3 gxh3 26. Rxh3 h5 27. f3 h4 28. Rh1 Ke6 29. b4 Bf2 30. Rf1 Bb6 31. Re1 Rg8 32. Re2 Rd8 33. Rd2 Rc8 34. Bb2 Be3 35. Rc2 a5 36. c4 axb4 37. Bxe5 c5 38. Bxf4 Bxf4 39. Kxf4 Rg8 40. Rd2 Rg3 41. Ke3 Rg8 42. Kf2 Ra8 43. g3 hxg3+ 44. Kxg3 Ra3 45. Rd5 Rxa2 46. Rxc5 Rc2 47. Kg4 b3 48. f4 b2 49. Rc6+ Kf7 50. Rb6 Rxc4 51. Rxb2 Rc6 52. Kg5 Ra6 53. f5 Rc6 54. Rb7+ Kf8 55. Rd7 Ra6 56. Rd4 Rb6 57. Kf4 Kf7 58. Ke5 Ra6 59. Rd7+ Kf8 60. Rd6 Rxd6 1/2-1/2

[Event "25th Klatovy A 2017"]
[Site "Klatovy CZE"]
[Date "2017.07.06"]
[Round "6.21"]
[White "Kubat, Martin"]
[Black "Palek, Miroslav"]
[Result "0-1"]
[WhiteElo "1828"]
[BlackElo "2174"]
[PlyCount "68"]
[EventDate "2017.07.01"]
[EventType "swiss"]
[EventRounds "9"]
[EventCountry "CZE"]
[SourceTitle "EXT 2018"]
[Source "ChessBase"]
[SourceDate "2017.10.13"]
[SourceVersion "1"]
[SourceVersionDate "2017.10.13"]
[SourceQuality "1"]

1. e4 c5 2. Nf3 Nc6 3. d4 cxd4 4. Nxd4 Qb6 5. Nb3 Nf6 6. Nc3 e6 7. Be3 Qc7 8. Bd3 Be7 9. Qd2 d6 10. Nb5 Qb8 11. O-O a6 12. Nc3 b5 13. a4 b4 14. Ne2 O-O 15. Ned4 Bb7 16. f3 d5 17. Bg5 Nxd4 18. Nxd4 Qe5 19. Be3 dxe4 20. fxe4 Nxe4 21. Qe1 Nc5 22. Qf2 Nxd3 23. cxd3 Bd6 24. Nf3 Bxf3 25. gxf3 Rac8 26. Kh1 Qd5 27. Rg1 Be5 28. Rg5 f6 29. Rg2 f5 30. Bg5 b3 31. Qe3 Bd4 32. Qf4 Rc2 33. Rxc2 bxc2 34. Rc1 Rc8 0-1

[Event "25th Klatovy A 2017"]
[Site "Klatovy CZE"]
[Date "2017.07.06"]
[Round "6.22"]
[White "Kusa, Jakub"]
[Black "Kaderabek, Jiri"]
[Result "1/2-1/2"]
[WhiteElo "1828"]
[BlackElo "2137"]
[PlyCount "99"]
[EventDate "2017.07.01"]
[EventType "swiss"]
[EventRounds "9"]
[EventCountry "CZE"]
[SourceTitle "EXT 2018"]
[Source "ChessBase"]
[SourceDate "2017.10.13"]
[SourceVersion "1"]
[SourceVersionDate "2017.10.13"]
[SourceQuality "1"]

1. e4 c5 2. Nf3 Nf6 3. Nc3 Nc6 4. d4 cxd4 5. Nxd4 d6 6. f3 e5 7. Ndb5 a6 8. Na3 Be6 9. Bg5 Qb6 10. Nd5 Nxd5 11. exd5 Qa5+ 12. c3 Qxd5 13. Bc4 Qxd1+ 14. Rxd1 Be7 15. Bxe7 Kxe7 16. O-O b5 17. Bd5 Rac8 18. f4 Rhd8 19. Nc2 a5 20. Ne3 exf4 21. Rxf4 g6 22. Rdf1 Ne5 23. Rf6 Bf5 24. Nxf5+ Kxf6 25. Nxd6+ Kg7 26. Nxc8 Rxd5 27. a4 Rd8 28. Na7 bxa4 29. Ra1 Rd2 30. Rxa4 Rxb2 31. h3 Rb3 32. Rxa5 Nc4 33. Rc5 Rxc3 34. Nb5 Rb3 35. Rxc4 Rxb5 36. Rc7 Rb2 37. Kh2 g5 38. h4 g4 39. Rc5 f6 40. Kg3 Rb4 41. h5 Re4 42. Rf5 Re2 43. Rf4 Re5 44. Rxg4+ Kh6 45. Rf4 Kg5 46. Kf3 Ra5 47. g3 Ra2 48. Rg4+ Kxh5 49. Rh4+ Kg5 50. Rxh7 1/2-1/2

[Event "25th Klatovy A 2017"]
[Site "Klatovy CZE"]
[Date "2017.07.06"]
[Round "6.23"]
[White "Paldus, Jan"]
[Black "Jelinek, Michal"]
[Result "0-1"]
[WhiteElo "1770"]
[BlackElo "2085"]
[PlyCount "88"]
[EventDate "2017.07.01"]
[EventType "swiss"]
[EventRounds "9"]
[EventCountry "CZE"]
[SourceTitle "EXT 2018"]
[Source "ChessBase"]
[SourceDate "2017.10.13"]
[SourceVersion "1"]
[SourceVersionDate "2017.10.13"]
[SourceQuality "1"]

1. e4 e5 2. Nf3 Nc6 3. Bb5 a6 4. Ba4 d6 5. d4 Bd7 6. d5 Nb8 7. Bxd7+ Nxd7 8. Nc3 g6 9. Be3 Bg7 10. Qd2 h6 11. h3 f5 12. Qe2 Ne7 13. O-O-O Nf6 14. exf5 gxf5 15. g3 Ng6 16. Nh2 O-O 17. Qd2 Kh7 18. f4 e4 19. g4 Qd7 20. Rhg1 Rae8 21. Rg3 Rf7 22. Rdg1 c5 23. a3 b5 24. b4 cxb4 25. axb4 a5 26. bxa5 b4 27. Na2 Qa4 28. c4 b3 29. Nc3 Qa1+ 30. Nb1 b2+ 31. Qxb2 Qxb2+ 32. Kxb2 Nxd5+ 33. Kc1 Nxe3 34. Rxe3 Bd4 35. Kd2 Nxf4 36. gxf5 Rxf5 37. Rgg3 Bxe3+ 38. Kxe3 Nh5 39. Rg4 Nf6 40. Rf4 Kg6 41. Ng4 Rxf4 42. Kxf4 Nxg4 43. hxg4 e3 44. Nc3 e2 0-1

[Event "25th Klatovy A 2017"]
[Site "Klatovy CZE"]
[Date "2017.07.06"]
[Round "6.24"]
[White "Richter, Martin1"]
[Black "Kopriva, Martin"]
[Result "0-1"]
[WhiteElo "1945"]
[BlackElo "2061"]
[PlyCount "76"]
[EventDate "2017.07.01"]
[EventType "swiss"]
[EventRounds "9"]
[EventCountry "CZE"]
[SourceTitle "EXT 2018"]
[Source "ChessBase"]
[SourceDate "2017.10.13"]
[SourceVersion "1"]
[SourceVersionDate "2017.10.13"]
[SourceQuality "1"]

1. e4 g6 2. d4 Bg7 3. Nc3 d6 4. Be2 Nf6 5. h4 h5 6. Nf3 c6 7. a4 Qc7 8. Ng5 e5 9. dxe5 dxe5 10. Bc4 O-O 11. Be3 Qe7 12. f3 Na6 13. Qe2 Nc7 14. Qf2 Qb4 15. Bb3 b6 16. a5 Be6 17. Ra4 Qe7 18. axb6 axb6 19. Nxe6 Nxe6 20. Bxb6 Rxa4 21. Nxa4 Qb4+ 22. Qd2 Qb5 23. Be3 Rd8 24. Qe2 Qa5+ 25. Kf2 Nf4 26. Qe1 Qb5 27. Nc5 Bf8 28. g3 Bxc5 29. gxf4 exf4 30. Bxc5 Qxc5+ 31. Kg2 Qe5 32. Qe2 Ng4 33. Rg1 Ne3+ 34. Kh3 Kg7 35. Rg5 Qc7 36. e5 Rd1 37. Kh2 Qd8 38. Rg2 Qxh4# 0-1

[Event "25th Klatovy A 2017"]
[Site "Klatovy CZE"]
[Date "2017.07.06"]
[Round "6.25"]
[White "Kucera, Tomas"]
[Black "Spicka, Jan"]
[Result "1/2-1/2"]
[WhiteElo "1993"]
[BlackElo "1959"]
[PlyCount "66"]
[EventDate "2017.07.01"]
[EventType "swiss"]
[EventRounds "9"]
[EventCountry "CZE"]
[SourceTitle "EXT 2018"]
[Source "ChessBase"]
[SourceDate "2017.10.13"]
[SourceVersion "1"]
[SourceVersionDate "2017.10.13"]
[SourceQuality "1"]

1. e4 c5 2. Nf3 Nc6 3. d4 cxd4 4. Nxd4 Nf6 5. Nc3 e5 6. Ndb5 d6 7. Nd5 Nxd5 8. exd5 Nb8 9. c4 Be7 10. Be2 O-O 11. O-O a6 12. Nc3 Nd7 13. Kh1 f5 14. f4 e4 15. Be3 Bf6 16. Rc1 b6 17. b4 Bb7 18. Na4 Rc8 19. Qb3 Kh8 20. Rfd1 g5 21. c5 b5 22. c6 bxa4 23. Qxa4 gxf4 24. cxb7 Rxc1 25. Rxc1 fxe3 26. Rc8 Qxc8 27. bxc8=Q Rxc8 28. g3 Ne5 29. Qxa6 Rc1+ 30. Kg2 Rc2 31. Kh3 Ng4 32. Qxd6 Nf2+ 33. Kg2 Kg7 1/2-1/2

[Event "25th Klatovy A 2017"]
[Site "Klatovy CZE"]
[Date "2017.07.06"]
[Round "6.26"]
[White "Stinka, Jakub"]
[Black "Nagy, Ladislav1"]
[Result "1-0"]
[WhiteElo "1991"]
[BlackElo "1812"]
[PlyCount "57"]
[EventDate "2017.07.01"]
[EventType "swiss"]
[EventRounds "9"]
[EventCountry "CZE"]
[SourceTitle "EXT 2018"]
[Source "ChessBase"]
[SourceDate "2017.10.13"]
[SourceVersion "1"]
[SourceVersionDate "2017.10.13"]
[SourceQuality "1"]

1. e4 c5 2. Nf3 e6 3. d4 cxd4 4. Nxd4 a6 5. Nc3 Qc7 6. g3 b5 7. Bg2 Bb7 8. O-O Nc6 9. Re1 h5 10. Nd5 exd5 11. exd5+ Nce7 12. d6 Qb6 13. Bxb7 Qxb7 14. Nf5 Kd8 15. dxe7+ Bxe7 16. Bf4 Qc6 17. Qe2 Qf6 18. Qe4 Rc8 19. Rad1 Qc6 20. Rd5 Qxc2 21. Rxd7+ Kxd7 22. Qd5+ Ke8 23. Nd6+ Kd7 24. Nxf7+ Ke8 25. Nd6+ Kd8 26. Nxc8+ Kxc8 27. Rc1 Qxc1+ 28. Bxc1 Nf6 29. Qa8+ 1-0

[Event "25th Klatovy A 2017"]
[Site "Klatovy CZE"]
[Date "2017.07.06"]
[Round "6.27"]
[White "Skopec, Lubos"]
[Black "Hak, David"]
[Result "1/2-1/2"]
[WhiteElo "1972"]
[BlackElo "1777"]
[PlyCount "66"]
[EventDate "2017.07.01"]
[EventType "swiss"]
[EventRounds "9"]
[EventCountry "CZE"]
[SourceTitle "EXT 2018"]
[Source "ChessBase"]
[SourceDate "2017.10.13"]
[SourceVersion "1"]
[SourceVersionDate "2017.10.13"]
[SourceQuality "1"]

1. e4 c5 2. c3 d5 3. exd5 Qxd5 4. d4 Nc6 5. Nf3 Bg4 6. Be2 cxd4 7. cxd4 e6 8. Nc3 Bb4 9. O-O Bxc3 10. bxc3 Nge7 11. h3 Bh5 12. Bf4 O-O 13. Ne5 Bxe2 14. Qxe2 Nxe5 15. Bxe5 Rac8 16. Rfc1 Qc4 17. Qxc4 Rxc4 18. Rab1 b6 19. Bd6 Re8 20. Bxe7 Rxe7 21. Rb4 Rec7 22. Rxc4 Rxc4 23. Kf1 Kf8 24. Ke2 b5 25. Kd3 a6 26. f4 Ke7 27. g4 g6 28. Re1 Kf6 29. Re2 Ra4 30. Ke4 Rc4 31. Kd3 Ra4 32. Ke4 Ra3 33. Rc2 Ra4 1/2-1/2

[Event "25th Klatovy A 2017"]
[Site "Klatovy CZE"]
[Date "2017.07.06"]
[Round "6.28"]
[White "Dolansky, Lukas"]
[Black "Hacaperka, Michal"]
[Result "1-0"]
[WhiteElo "2065"]
[BlackElo "1846"]
[PlyCount "61"]
[EventDate "2017.07.01"]
[EventType "swiss"]
[EventRounds "9"]
[EventCountry "CZE"]
[SourceTitle "EXT 2018"]
[Source "ChessBase"]
[SourceDate "2017.10.13"]
[SourceVersion "1"]
[SourceVersionDate "2017.10.13"]
[SourceQuality "1"]

1. Nf3 Nf6 2. g3 g6 3. Bg2 Bg7 4. O-O O-O 5. c4 d6 6. Nc3 e5 7. d3 Nbd7 8. Bd2 Re8 9. Qc2 Rb8 10. Rab1 a6 11. b4 b6 12. a4 Bb7 13. e4 c5 14. Nd5 Nxd5 15. cxd5 Qc7 16. Be3 Rec8 17. Bh3 Qd8 18. bxc5 bxc5 19. Nd2 Qc7 20. Nc4 Re8 21. Bd2 Nf6 22. Ba5 Qe7 23. Rb6 Red8 24. Rfb1 Nh5 25. Rxb7 Rxb7 26. Rxb7 Qxb7 27. Bxd8 f5 28. Qb2 Qd7 29. Qb8 Bf8 30. Nb6 Qf7 31. Bc7 1-0